Statistiques concernant Artère maxillaire

Cliquez ici pour prendre le quiz!

Statistiques générales

  • Ce quiz a été pris 4 fois
  • Le résultat moyen est 3 sur 14

Statistiques - réponses

Hint Answer % Correct
Masséterique
50%
Mylo-hyoïdienne
25%
Buccale
25%
Alvéolaire supérieure
25%
Infra orbitaire
25%
BranchesSphéno palatine
25%
Alvéolaire inférieure
25%
Auriculaire profonde
25%
Méningée moyenne
25%
Tympanique antérieure
25%
Canal pterygoïdien
0%
Temporales profondes
0%
Ptérygoïdiennes
0%
Méningée accessoire
0%

Distribution des résultats

Percentile by Number Answered

% des personnes avec chaque résultat

Votre développement - résultats

Vous n’avez pas pris ce quiz